Local names of european countries Quiz Stats

 Plays Quiz not verified by Sporcle

Support Sporcle.
Go Orange.
Score 0/50 Timer 15:00
0 Plays Today
country % Correct
ItalyItalia
92.9%
SpainEspaña
90.5%
FranceFrance
87%
United KingdomUnited Kingdom
85.8%
GermanyDeutschland
85.2%
IrelandEire
79.9%
PortugalPortugal
68.6%
PolandPolska
68.6%
EnglandEngland
65.7%
FinlandSuomi
62.7%
NorwayNorge
59.8%
MonacoMunegu
59.8%
BelgiumBelgie
58.6%
NetherlandsNederland
58%
AustriaOsterreich
57.4%
MaltaMalta
57.4%
San MarinoSan Marino
57.4%
DenmarkDanmark
55%
GreeceHellas
53.8%
AndorraAndorra
53.8%
SwitzerlandSvizra
53.3%
ScotlandAlba
52.7%
SwedenSverige
51.5%
LiechtensteinLiechtenstein
51.5%
RomaniaRomania
48.5%
country % Correct
IcelandIsland
45.6%
MoldovaMoldova
43.8%
CroatiaHrvatska
42.6%
TurkeyTurkiye
40.8%
BelarusBelarus
38.5%
EstoniaEesti
33.7%
RussiaRossiya
33.1%
UkraineUkraina
29%
SerbiaSrbija
26.6%
LithuaniaLietuvos
24.9%
WalesCymru
24.9%
SlovakiaSlovensko
21.9%
SloveniaSlovenija
21.9%
KosovoKosova
21.9%
Vatican CityVaticano
20.7%
MontenegroCrna Gora
20.1%
LatviaLatvija
19.5%
HungaryMagyarorszag
17.8%
MacedoniaMakedonija
17.8%
Czech RepublicCeska Republika
17.2%
AlbaniaShqiperia
16.6%
CyprusKypros
13.6%
BulgariaBulgariya
11.2%
Bosnia and HerzegovinaBosna i Hercegovina
10.7%
LuxembourgLetzebuerg
10.1%

You're not logged in!

Compare scores with friends on all Sporcle quizzes.
OR
Log In

From the Vault

Liz or Leslie?

by Nexxia

One person's 'annoying' is another person's 'inspiring and heroic.'
Remove Ads.
Support Sporcle.
Get the best of Sporcle when you Go Orange. This ad-free experience offers more features, more stats, and more fun while also helping to support Sporcle. Thank you for becoming a member.

Show Comments

Extras

Created Feb 12, 2011ReportNominate
Tags:Country Quiz, Europe Quiz, name

Top Quizzes Today


Score Distribution

Your Account Isn't Verified!

In order to create a playlist on Sporcle, you need to verify the email address you used during registration. Go to your Sporcle Settings to finish the process.

Report this User

Report this user for behavior that violates our Community Guidelines.

Details: